000 01250nam a22004091a 4500
999 _c429
_d429
001 019339871
003 UkOxU
005 20190814135804.0
008 111019s2012 enka j 001 0 eng|d
015 _aGBB1C4246
_2bnb
016 7 _a015955966
_2Uk
020 _a9781409539100 (pbk.) :
020 _a1409539105 (pbk.) :
035 _a(Uk)015955966
040 _aStDuBDS
_beng
_cStDuBDS
_dUk
042 _aukblsr
082 0 4 _a503 STO
_223
100 _aStockley, Corinne.
_eauthor
245 0 4 _aThe Usborne illustrated dictionary of science /
_cCorinne Stockley
246 3 0 _aIllustrated dictionary of science
250 _a[New ed].
260 _aLondon :
_bUsborne,
_c[2012].
300 _a382 p. :
_bcol. ill. ;
_c24 cm.
336 _atext
_2rdacontent
337 _aunmediated
_2rdamedia
338 _avolume
_2rdacarrier
500 _aPrevious ed.: published as by Corinne Stockley, Chris Oxlade and Jane Wertheim. 2007.
500 _aIncludes index.
500 _aFormerly CIP.
_5Uk
521 2 _aKey Stage 3.
521 2 _aKey Stage 4.
650 0 _aScience
_vEncyclopedias, Juvenile.
700 1 _aOxlade, Chris
_eAuthor
700 1 _aWertheim, Jane
_eAuthor
942 _2ddc
_cREF